The Left hand of the electron (Record no. 27191)

MARC details
000 -LEADER
fixed length control field 00266nam a2200109Ia 4500
082 ## - DEWEY DECIMAL CLASSIFICATION NUMBER
Classification number 82-3
Item number ASI
100 ## - MAIN ENTRY--AUTHOR NAME
Personal name Asimov, Isaac
245 #4 - TITLE STATEMENT
Title The Left hand of the electron
260 ## - PUBLICATION, DISTRIBUTION, ETC. (IMPRINT)
Place of publication Herts
Name of publisher Panther
Year of publication 1976
942 ## - ADDED ENTRY ELEMENTS (KOHA)
Koha item type Books
Holdings
Withdrawn status Lost status Damaged status Not for loan Home library Current library Date acquired Full call number Accession Number Koha item type
        RRII Library RRII Library 16/12/2021 82-3 ASI 07818 Books